00283nam a2200109Ia 4500008004100000082001300041082000800054245007200062245001500134260001500149300000900164231017s9999 xx 000 0 und d a388.1099 bCRI 0aFurther testing and simulation of hay bale loading on semi-trailers 0cAustralia  bAustralia  c30cm